Biggest World Cities - Statistics

General Stats
  • This quiz has been taken 11 times
  • The average score is 18 of 26
Answer Stats
Area Population City % Correct
C) Africa 23.5 m Cairo
90%
J) SE Asia 11.8 m Jakarta
90%
P) Europe 11.4 m Paris
90%
R) South America 14.1 m Rio De Janeiro
90%
T) Far East 36.9 m Tokyo
90%
A) South Asia 9.27 m Ahmedabad
80%
B) East Asia 22.9 m Beijing
80%
G) East Asia 16 m Guangzhou
80%
H) South Asia 11.2 m Hyderabad
80%
K) South Asia 18.5 m Karachi
80%
M) North America 23.1 m Mexico City
80%
N) North America 19.2 m New York
80%
O) Far East 18.8 m Osaka
80%
S) East Asia 31.1 m Shanghai
80%
W) East Asia 9.1 m Wuhan
80%
D) South Asia 35.5 m Delhi
70%
I) West Asia/Europe 16.4 m Istanbul
70%
L) Africa 17.8 m Lagos
70%
X) East Asia 9.4 m Xian
70%
Q) East Asia 6.3 m Qingdao
60%
Y) SE Asia 5.9 m Yangon
60%
U) East Asia 5.2 m Urumqi
50%
Z) East Asia 6.2 m Zhengzhou
50%
F) East Asia 7.9 m Foshan
30%
E) North America 1.6 m Ecatepec
20%
V) South Asia 2.4 m Vadodara
0%
No matching quizzes found
Score Distribution
Percent of People with Each Score
Percentile by Number Answered
Your Score History
You have not taken this quiz